<?xml version="1.0" encoding="UTF-8"?>
<resp>
  <nextPage>https://data.bn.org.pl/api/networks/bibs.marcxml?marc=001+b00001150003415&amp;sinceId=1150003416</nextPage>
  <collection>
    <record xmlns='http://www.loc.gov/MARC21/slim'><leader>01095namZa2200349ZiZ4500</leader><controlfield tag='001'>b00001150003415</controlfield><controlfield tag='005'>20241203214431.4</controlfield><controlfield tag='008'>230609s        pl           |000 0 pol c</controlfield><controlfield tag='009'>9913261396705606</controlfield><datafield ind1=' ' ind2=' ' tag='020'><subfield code='a'>8371808747</subfield></datafield><datafield ind1=' ' ind2=' ' tag='035'><subfield code='a'>KR_1KR_1_20120317235533002920-48omnis_kr</subfield></datafield><datafield ind1=' ' ind2=' ' tag='035'><subfield code='a'>KR_1_20120317235533002920</subfield><subfield code='9'>ExL</subfield></datafield><datafield ind1=' ' ind2=' ' tag='035'><subfield code='a'>(PL)b00001150003415</subfield></datafield><datafield ind1=' ' ind2=' ' tag='040'><subfield code='a'>KR_1</subfield><subfield code='c'>KR_1</subfield></datafield><datafield ind1='1' ind2=' ' tag='041'><subfield code='a'>pol</subfield><subfield code='h'>eng</subfield></datafield><datafield ind1='1' ind2=' ' tag='100'><subfield code='a'>Horwood, William</subfield><subfield code='d'>(1944- )</subfield></datafield><datafield ind1='1' ind2='0' tag='245'><subfield code='a'>Tryumf Ropucha /</subfield><subfield code='c'>William Horwood ; il. Patrick Benson ; przeł. Hanna Pasierska.</subfield></datafield><datafield ind1=' ' ind2=' ' tag='260'><subfield code='a'>Warszawa :</subfield><subfield code='b'>Prószyński i S-ka,</subfield><subfield code='c'>1998.</subfield></datafield><datafield ind1=' ' ind2=' ' tag='300'><subfield code='a'>296 s. ;</subfield><subfield code='c'>21 cm.</subfield></datafield><datafield ind1='1' ind2=' ' tag='490'><subfield code='a'>Klasyka Dziecięca</subfield></datafield><datafield ind1='1' ind2=' ' tag='490'><subfield code='a'>Opowieści znad rzeki</subfield></datafield><datafield ind1=' ' ind2=' ' tag='500'><subfield code='a'>d</subfield></datafield><datafield ind1=' ' ind2='9' tag='650'><subfield code='a'>Literatura dziecięca angielska</subfield><subfield code='y'>20 w.</subfield></datafield><datafield ind1='1' ind2=' ' tag='700'><subfield code='a'>Benson, Patrick</subfield><subfield code='e'>Il.</subfield></datafield><datafield ind1='1' ind2=' ' tag='700'><subfield code='a'>Pasierska, Hanna</subfield><subfield code='e'>Tł.</subfield></datafield><datafield ind1=' ' ind2=' ' tag='852'><subfield code='b'>48OMNIS_NETWORK</subfield><subfield code='8'>9913261396705606</subfield></datafield><datafield ind1=' ' ind2=' ' tag='852'><subfield code='b'>48OMNIS_KR</subfield><subfield code='8'>991000034139708216</subfield></datafield><datafield ind1=' ' ind2=' ' tag='920'><subfield code='a'>83-7180-874-7</subfield></datafield></record>
  </collection>
</resp>
